000 00463nam a2200193Ia 4500
005 20250603145659.0
008 250603s9999 xx 000 0 und d
020 _a9781118415771
050 _aQR 181 .R65/
100 _aDelves, Peter J...[et al.].
245 0 _aRoitt’s essential immunology
250 _a13th ed.
260 _aHoboken, NJ
260 _bJohn Wiley & Son
260 _c2017
300 _a556 p
650 _aHoboken, NJ
942 _cBK
999 _c42540
_d42540